<?xml version="1.0" encoding="UTF-8"?>
<collection xmlns="http://www.loc.gov/MARC21/slim">
 <record>
  <leader>02713nam a22003257a 4500</leader>
  <controlfield tag="001">NCT_4_004508</controlfield>
  <controlfield tag="008">240228b        xxu||||| |||| 00| 0 vie d</controlfield>
  <datafield tag="999" ind1=" " ind2=" ">
   <subfield code="c">8106</subfield>
   <subfield code="d">8106</subfield>
  </datafield>
  <datafield tag="020" ind1=" " ind2=" ">
   <subfield code="a">9786046663072</subfield>
   <subfield code="c">226000</subfield>
  </datafield>
  <datafield tag="082" ind1="0" ind2="4">
   <subfield code="2">23rd ed.</subfield>
   <subfield code="a">617.52</subfield>
   <subfield code="b">Th108</subfield>
  </datafield>
  <datafield tag="100" ind1="1" ind2=" ">
   <subfield code="a">Đỗ Thị Thảo</subfield>
   <subfield code="e">Chủ biên</subfield>
  </datafield>
  <datafield tag="245" ind1="1" ind2="0">
   <subfield code="a">Giáo trình u nang vùng hàm mặt</subfield>
   <subfield code="b">Sách dùng cho sinh viên chuyên ngành bác sĩ răng hàm mặt</subfield>
   <subfield code="c">Đỗ Thị Thảo (Chủ biên); Trương Nhựt Khuê, Bùi Thị Ngọc Mẫn....</subfield>
  </datafield>
  <datafield tag="260" ind1=" " ind2=" ">
   <subfield code="a">H.</subfield>
   <subfield code="b">Y học</subfield>
   <subfield code="c">2023</subfield>
  </datafield>
  <datafield tag="300" ind1=" " ind2=" ">
   <subfield code="a">145tr.</subfield>
   <subfield code="b">minh họa</subfield>
   <subfield code="c">27 cm</subfield>
  </datafield>
  <datafield tag="520" ind1="3" ind2=" ">
   <subfield code="a">Nội dung sách gồm: u do răng và không do răng trong xương hàm, u nang lành tính ở mô mềm vùng hàm mặt, ung thư miệng - hàm mặt, u ác tính trong xương hàm và các ung thư khác vùng hàm mặt. </subfield>
  </datafield>
  <datafield tag="653" ind1=" " ind2=" ">
   <subfield code="a">Răng Hàm Mặt</subfield>
  </datafield>
  <datafield tag="700" ind1="1" ind2=" ">
   <subfield code="a">Trương Nhựt Khuê</subfield>
   <subfield code="e">Biên soạn</subfield>
  </datafield>
  <datafield tag="700" ind1="1" ind2=" ">
   <subfield code="a">Bùi Thị Ngọc Mẫn</subfield>
   <subfield code="e">Biên soạn</subfield>
  </datafield>
  <datafield tag="942" ind1=" " ind2=" ">
   <subfield code="2">ddc</subfield>
   <subfield code="c">BK</subfield>
  </datafield>
  <datafield tag="952" ind1=" " ind2=" ">
   <subfield code="0">0</subfield>
   <subfield code="1">0</subfield>
   <subfield code="2">ddc</subfield>
   <subfield code="4">0</subfield>
   <subfield code="6">617_520000000000000_TH108</subfield>
   <subfield code="7">0</subfield>
   <subfield code="9">28583</subfield>
   <subfield code="a">000001</subfield>
   <subfield code="b">000001</subfield>
   <subfield code="d">2024-02-28</subfield>
   <subfield code="o">617.52 Th108</subfield>
   <subfield code="p">MD.22210</subfield>
   <subfield code="r">2024-02-28</subfield>
   <subfield code="v">226000.00</subfield>
   <subfield code="w">2024-02-28</subfield>
   <subfield code="y">BK</subfield>
  </datafield>
  <datafield tag="952" ind1=" " ind2=" ">
   <subfield code="0">0</subfield>
   <subfield code="1">0</subfield>
   <subfield code="2">ddc</subfield>
   <subfield code="4">0</subfield>
   <subfield code="6">617_520000000000000_TH108</subfield>
   <subfield code="7">0</subfield>
   <subfield code="9">28584</subfield>
   <subfield code="a">000001</subfield>
   <subfield code="b">000001</subfield>
   <subfield code="d">2024-02-28</subfield>
   <subfield code="o">617.52 Th108</subfield>
   <subfield code="p">MD.22211</subfield>
   <subfield code="r">2024-02-28</subfield>
   <subfield code="v">226000.00</subfield>
   <subfield code="w">2024-02-28</subfield>
   <subfield code="y">BK</subfield>
  </datafield>
  <datafield tag="952" ind1=" " ind2=" ">
   <subfield code="0">0</subfield>
   <subfield code="1">0</subfield>
   <subfield code="2">ddc</subfield>
   <subfield code="4">0</subfield>
   <subfield code="6">617_520000000000000_TH108</subfield>
   <subfield code="7">0</subfield>
   <subfield code="9">28585</subfield>
   <subfield code="a">000001</subfield>
   <subfield code="b">000001</subfield>
   <subfield code="d">2024-02-28</subfield>
   <subfield code="o">617.52 Th108</subfield>
   <subfield code="p">MD.22212</subfield>
   <subfield code="r">2024-02-28</subfield>
   <subfield code="v">226000.00</subfield>
   <subfield code="w">2024-02-28</subfield>
   <subfield code="y">BK</subfield>
  </datafield>
  <datafield tag="952" ind1=" " ind2=" ">
   <subfield code="0">0</subfield>
   <subfield code="1">0</subfield>
   <subfield code="2">ddc</subfield>
   <subfield code="4">0</subfield>
   <subfield code="6">617_520000000000000_TH108</subfield>
   <subfield code="7">0</subfield>
   <subfield code="9">28586</subfield>
   <subfield code="a">000001</subfield>
   <subfield code="b">000001</subfield>
   <subfield code="d">2024-02-28</subfield>
   <subfield code="l">1</subfield>
   <subfield code="o">617.52 Th108</subfield>
   <subfield code="p">MD.22213</subfield>
   <subfield code="r">2025-06-11</subfield>
   <subfield code="s">2025-06-07</subfield>
   <subfield code="v">226000.00</subfield>
   <subfield code="w">2024-02-28</subfield>
   <subfield code="y">BK</subfield>
  </datafield>
  <datafield tag="952" ind1=" " ind2=" ">
   <subfield code="0">0</subfield>
   <subfield code="1">0</subfield>
   <subfield code="2">ddc</subfield>
   <subfield code="4">0</subfield>
   <subfield code="6">617_520000000000000_TH108</subfield>
   <subfield code="7">0</subfield>
   <subfield code="9">28587</subfield>
   <subfield code="a">000001</subfield>
   <subfield code="b">000001</subfield>
   <subfield code="d">2024-02-28</subfield>
   <subfield code="o">617.52 Th108</subfield>
   <subfield code="p">MD.22214</subfield>
   <subfield code="r">2024-02-28</subfield>
   <subfield code="v">226000.00</subfield>
   <subfield code="w">2024-02-28</subfield>
   <subfield code="y">BK</subfield>
  </datafield>
  <datafield tag="952" ind1=" " ind2=" ">
   <subfield code="0">0</subfield>
   <subfield code="1">0</subfield>
   <subfield code="2">ddc</subfield>
   <subfield code="4">0</subfield>
   <subfield code="6">617_520000000000000_TH108</subfield>
   <subfield code="7">0</subfield>
   <subfield code="9">28588</subfield>
   <subfield code="a">000001</subfield>
   <subfield code="b">000001</subfield>
   <subfield code="d">2024-02-28</subfield>
   <subfield code="o">617.52 Th108</subfield>
   <subfield code="p">MD.22215</subfield>
   <subfield code="r">2024-02-28</subfield>
   <subfield code="v">226000.00</subfield>
   <subfield code="w">2024-02-28</subfield>
   <subfield code="y">BK</subfield>
  </datafield>
  <datafield tag="952" ind1=" " ind2=" ">
   <subfield code="0">0</subfield>
   <subfield code="1">0</subfield>
   <subfield code="2">ddc</subfield>
   <subfield code="4">0</subfield>
   <subfield code="6">617_520000000000000_TH108</subfield>
   <subfield code="7">0</subfield>
   <subfield code="9">28589</subfield>
   <subfield code="a">000001</subfield>
   <subfield code="b">000001</subfield>
   <subfield code="d">2024-02-28</subfield>
   <subfield code="l">1</subfield>
   <subfield code="o">617.52 Th108</subfield>
   <subfield code="p">MD.22216</subfield>
   <subfield code="r">2024-06-19</subfield>
   <subfield code="s">2024-06-03</subfield>
   <subfield code="v">226000.00</subfield>
   <subfield code="w">2024-02-28</subfield>
   <subfield code="y">BK</subfield>
  </datafield>
  <datafield tag="952" ind1=" " ind2=" ">
   <subfield code="0">0</subfield>
   <subfield code="1">0</subfield>
   <subfield code="2">ddc</subfield>
   <subfield code="4">0</subfield>
   <subfield code="6">617_520000000000000_TH108</subfield>
   <subfield code="7">0</subfield>
   <subfield code="9">28590</subfield>
   <subfield code="a">000001</subfield>
   <subfield code="b">000001</subfield>
   <subfield code="d">2024-02-28</subfield>
   <subfield code="o">617.52 Th108</subfield>
   <subfield code="p">MD.22217</subfield>
   <subfield code="r">2024-02-28</subfield>
   <subfield code="v">226000.00</subfield>
   <subfield code="w">2024-02-28</subfield>
   <subfield code="y">BK</subfield>
  </datafield>
  <datafield tag="952" ind1=" " ind2=" ">
   <subfield code="0">0</subfield>
   <subfield code="1">0</subfield>
   <subfield code="2">ddc</subfield>
   <subfield code="4">0</subfield>
   <subfield code="6">617_520000000000000_TH108</subfield>
   <subfield code="7">0</subfield>
   <subfield code="9">28591</subfield>
   <subfield code="a">000001</subfield>
   <subfield code="b">000001</subfield>
   <subfield code="d">2024-02-28</subfield>
   <subfield code="o">617.52 Th108</subfield>
   <subfield code="p">MD.22218</subfield>
   <subfield code="r">2024-02-28</subfield>
   <subfield code="v">226000.00</subfield>
   <subfield code="w">2024-02-28</subfield>
   <subfield code="y">BK</subfield>
  </datafield>
  <datafield tag="952" ind1=" " ind2=" ">
   <subfield code="0">0</subfield>
   <subfield code="1">0</subfield>
   <subfield code="2">ddc</subfield>
   <subfield code="4">0</subfield>
   <subfield code="6">617_520000000000000_TH108</subfield>
   <subfield code="7">0</subfield>
   <subfield code="9">28592</subfield>
   <subfield code="a">000001</subfield>
   <subfield code="b">000001</subfield>
   <subfield code="d">2024-02-28</subfield>
   <subfield code="o">617.52 Th108</subfield>
   <subfield code="p">MD.22219</subfield>
   <subfield code="r">2024-02-28</subfield>
   <subfield code="v">226000.00</subfield>
   <subfield code="w">2024-02-28</subfield>
   <subfield code="y">BK</subfield>
  </datafield>
  <datafield tag="980" ind1=" " ind2=" ">
   <subfield code="a">Thư viện Trường Đại học Nam Cần Thơ</subfield>
  </datafield>
 </record>
</collection>
